[Event "Wellington Mazur Memorial"]
[Site "Wellington"]
[Date "2011.11.22"]
[Round "6"]
[White "Kay, Bruce"]
[Black "Havukkala, Ilkka"]
[Result "1-0"]
[WhiteElo "1833"]
[BlackElo "1851"]
[PlyCount "54"]
[EventDate "2011.10.18"]
[EventType "swiss"]
[EventRounds "7"]
[EventCountry "NZL"]
[SourceTitle "EXT 2018"]
[Source "ChessBase"]
[SourceDate "2017.10.13"]
[SourceVersion "1"]
[SourceVersionDate "2017.10.13"]
[SourceQuality "1"]

1. d4 d5 2. c4 c6 3. Nf3 Qc7 4. Nc3 Nf6 5. e3 Bf5 6. cxd5 cxd5 7. Bb5+ Nbd7 8. Ne5 a6 9. Qa4 Rd8 10. Bxd7+ Bxd7 11. Nxd7 Rxd7 12. Bd2 e6 13. Rc1 Qb8 14. h3 Be7 15. 0-0 g5 16. Rc2 g4 17. Rfc1 0-0 18. h4 Rdd8 19. g3 Nh5 20. Kg2 Bd6 21. Ne2 Kh8 22. Nf4 Nf6 23. Bb4 Nd7 24. Qa3 Bxb4 25. Qxb4 Rc8 26. Qe7 Rxc2 27. Rxc2 Rd8 1-0

[Event "Wellington Mazur Memorial"]
[Site "Wellington"]
[Date "2011.11.01"]
[Round "3"]
[White "Havukkala, Ilkka"]
[Black "Roberts, Michael H"]
[Result "0-1"]
[WhiteElo "1851"]
[BlackElo "1746"]
[PlyCount "59"]
[EventDate "2011.10.18"]
[EventType "swiss"]
[EventRounds "7"]
[EventCountry "NZL"]
[SourceTitle "EXT 2018"]
[Source "ChessBase"]
[SourceDate "2017.10.13"]
[SourceVersion "1"]
[SourceVersionDate "2017.10.13"]
[SourceQuality "1"]

1. d4 Nf6 2. Nf3 e6 3. Bg5 Be7 4. e3 b6 5. Bd3 Bb7 6. Nbd2 d5 7. Ne5 Nbd7 8. f4 Nxe5 9. fxe5 Ne4 10. Bxe7 Qxe7 11. Bxe4 dxe4 12. Qg4 0-0-0 13. 0-0-0 h5 14. Qe2 f6 15. exf6 gxf6 16. Rhf1 Kb8 17. c4 f5 18. Nb3 Ba6 19. Qc2 Qb4 20. Nd2 Qd6 21. Qa4 Bb7 22. Rf4 e5 23. dxe5 Qxe5 24. Qb5 c5 25. g3 Rd3 26. Nf1 Rxd1+ 27. Kxd1 Rd8+ 28. Kc2 Qd6 29. Rf2 Qd1+ 30. Kc3 0-1

[Event "Wellington Mazur Memorial"]
[Site "Wellington"]
[Date "2010.12.07"]
[Round "8"]
[White "Nyberg, Michael"]
[Black "Havukkala, Ilkka"]
[Result "1-0"]
[WhiteElo "1998"]
[BlackElo "1600"]
[PlyCount "89"]
[EventDate "2010.10.19"]
[EventType "swiss"]
[EventRounds "8"]
[EventCountry "NZL"]
[SourceTitle "EXT 2018"]
[Source "ChessBase"]
[SourceDate "2017.10.13"]
[SourceVersion "1"]
[SourceVersionDate "2017.10.13"]
[SourceQuality "1"]

1. d4 d5 2. Bg5 Bf5 3. Nd2 Nd7 4. f3 h6 5. Bh4 g5 6. Bf2 Ngf6 7. c4 e6 8. Qb3 b6 9. g4 Bg6 10. h4 Bg7 11. hxg5 hxg5 12. Rxh8+ Bxh8 13. Nh3 dxc4 14. Nxc4 Nd5 15. e4 Nf4 16. Nxf4 gxf4 17. 0-0-0 Qe7 18. d5 Nc5 19. Qb5+ Kf8 20. dxe6 fxe6 21. Bxc5 Qxc5 22. Qxc5+ bxc5 23. Rd7 Be8 24. Rxc7 Bd4 25. Nd6 Rb8 26. b3 Rd8 27. Nxe8 Be3+ 28. Kc2 Rd2+ 29. Kc3 Kxe8 30. Rxc5 Rf2 31. Bb5+ Ke7 32. Rc7+ Kf6 33. Bc6 e5 34. Bd5 Bd4+ 35. Kb4 Rxf3 36. Rf7+ Kg6 37. Rf5 Rg3 38. Bf7+ Kg7 39. Bh5 Re3 40. Kc4 Rxe4 41. Kd5 Re3 42. Ke6 Rc3 43. Rf7+ Kh6 44. Kf5 Rg3 45. Bg6 1-0

[Event "Wellington Mazur Memorial"]
[Site "Wellington"]
[Date "2010.11.30"]
[Round "7"]
[White "Sellen, Ian"]
[Black "Havukkala, Ilkka"]
[Result "0-1"]
[WhiteElo "2026"]
[BlackElo "1600"]
[PlyCount "72"]
[EventDate "2010.10.19"]
[EventType "swiss"]
[EventRounds "8"]
[EventCountry "NZL"]
[SourceTitle "EXT 2018"]
[Source "ChessBase"]
[SourceDate "2017.10.13"]
[SourceVersion "1"]
[SourceVersionDate "2017.10.13"]
[SourceQuality "1"]

1. c4 c5 2. Nc3 Nc6 3. Nf3 Nd4 4. e3 Nxf3+ 5. Qxf3 Nf6 6. d4 d6 7. h3 Rb8 8. Bd3 b6 9. 0-0 Bb7 10. d5 e5 11. Qd1 Qe7 12. Qa4+ Nd7 13. Qxa7 g6 14. Qa4 f5 15. Qd1 e4 16. Be2 Ne5 17. b3 h5 18. f4 Nf7 19. Bd2 Bg7 20. Rc1 Bc8 21. Be1 h4 22. Nb5 Nh6 23. Bc3 Kf7 24. Bxg7 Kxg7 25. Qe1 Bd7 26. Nc3 Rbg8 27. Bd1 Kf8 28. Ne2 g5 29. fxg5 Rxg5 30. Nf4 Rhg8 31. Kh1 Rg3 32. Rc2 Qg5 33. Rcf2 Ke7 34. Qc3 Nf7 35. Re1 Ne5 36. Rg1 Nd3 0-1

[Event "Wellington Mazur Memorial"]
[Site "Wellington"]
[Date "2010.11.09"]
[Round "4"]
[White "Kay, Bruce"]
[Black "Havukkala, Ilkka"]
[Result "1/2-1/2"]
[WhiteElo "1738"]
[BlackElo "1600"]
[PlyCount "89"]
[EventDate "2010.10.19"]
[EventType "swiss"]
[EventRounds "8"]
[EventCountry "NZL"]
[SourceTitle "EXT 2018"]
[Source "ChessBase"]
[SourceDate "2017.10.13"]
[SourceVersion "1"]
[SourceVersionDate "2017.10.13"]
[SourceQuality "1"]

1. d4 d5 2. c4 Nf6 3. Nc3 Bf5 4. Nf3 e6 5. Bg5 Bb4 6. e3 0-0 7. Bd3 dxc4 8. Bxc4 h6 9. Bh4 g5 10. Bg3 Ne4 11. Qb3 Bxc3+ 12. bxc3 b6 13. Rd1 c6 14. 0-0 h5 15. Bxb8 Rxb8 16. Ne5 Rc8 17. f3 Nd6 18. Be2 f6 19. Nd3 Qe7 20. e4 Bg6 21. Qa3 Qd7 22. Nf2 f5 23. e5 Nf7 24. Bd3 Nh6 25. Qc1 Qe7 26. Nh3 Nf7 27. g3 Kg7 28. f4 g4 29. Ng5 h4 30. Nxf7 Bxf7 31. Kf2 Rh8 32. Rh1 Qd7 33. Bc4 Qb7 34. Be2 Rhd8 35. Qb2 Be8 36. Qa3 b5 37. Qb2 a6 38. Rhg1 Qb6 39. Qb3 c5 40. Qb2 cxd4 41. cxd4 Bc6 42. Rd2 Rh8 43. gxh4 Rxh4 44. Ke1 Rxh2 45. Bxg4 1/2-1/2